[Event "FIDE GP"]
[Site "Moscow RUS"]
[Date "2002.06.04"]
[Round "4.1"]
[White "Bareev,E"]
[Black "Grischuk,A"]
[Result "1/2-1/2"]
[WhiteElo "2724"]
[BlackElo "2702"]
[EventDate "2002.06.01"]

1. d4 d5 2. c4 e6 3. Nf3 dxc4 4. e3 a6 5. Bxc4 c5 6. O-O Nf6 7. dxc5 Qxd1
8. Rxd1 Bxc5 9. Be2 O-O 10. b3 b6 11. Nc3 Nbd7 12. Bb2 Be7 13. e4 Bb4 14.
e5 Bxc3 15. Bxc3 Nd5 16. Bb2 a5 17. Rac1 Ba6 18. Bc4 Bb7 19. Nd2 Nc5 20.
Bd4 Rfc8 21. g3 h6 22. Bxc5 bxc5 23. Bf1 a4 24. Bg2 axb3 25. axb3 Ra3 26.
Ra1 Rxa1 27. Rxa1 Bc6 28. Rc1 Ra8 29. Rxc5 Ra1+ 30. Nf1 Bd7 31. Be4 Re1 32.
f3 Re2 33. Rc2 Re1 34. Kf2 Ra1 35. Bxd5 exd5 36. Rb2 d4 37. Nd2 Bb5 38. Ne4
Bc6 39. Nd6 Bd5 40. Nf5 Kf8 41. Nxd4 Rd1 42. Ke3 Re1+ 43. Ne2 Bc6 44. b4
Bb5 45. Kf2 Rh1 46. Kg2 Re1 47. Kf2 Rh1 48. h4 Ke7 49. Ke3 Bxe2 50. Rxe2
Rb1 51. Kf4 Rxb4+ 52. Re4 Rb6 53. h5 f6 54. Kf5 fxe5 55. f4 Rb3 56. g4 Rf3
57. Rxe5+ Kf7 58. Ra5 Rb3 59. g5 hxg5 60. fxg5 g6+ 61. hxg6+ Kg7 1/2-1/2

[Event "FIDE GP"]
[Site "Moscow RUS"]
[Date "2002.06.04"]
[Round "4.1"]
[White "Ponomariov,R"]
[Black "Akopian,V"]
[Result "1-0"]
[WhiteElo "2743"]
[BlackElo "2678"]
[EventDate "2002.06.01"]

1. e4 e6 2. d4 d5 3. Nc3 Nf6 4. e5 Nfd7 5. f4 c5 6. Nf3 Nc6 7. Ne2 cxd4 8.
Nexd4 Nc5 9. Be3 Be7 10. c3 O-O 11. Be2 Nxd4 12. Bxd4 Ne4 13. O-O Bd7 14.
Bd3 a6 15. Qe2 Nc5 16. Rf2 Nxd3 17. Qxd3 Rc8 18. g4 f5 19. exf6 Bxf6 20.
Re1 Qc7 21. Qe3 Bxd4 22. Nxd4 Rce8 23. g5 Bc8 24. a3 Qf7 25. Qg3 Qg6 26.
Re5 Bd7 27. h3 Rf7 28. Kh2 Ref8 29. Qe3 Qh5 30. Nxe6 Bxe6 31. Rxe6 Rf5 32.
Re5 Qg6 33. Kg3 h6 34. h4 hxg5 35. hxg5 R5f7 36. Rxd5 Qc6 37. Qd4 Qc7 38.
Rd6 Rf5 39. Rd7 Rxg5+ 40. Kh4 Qc6 41. Kxg5 1-0

[Event "FIDE GP"]
[Site "Moscow RUS"]
[Date "2002.06.04"]
[Round "4.2"]
[White "Grischuk,A"]
[Black "Bareev,E"]
[Result "1-0"]
[WhiteElo "2702"]
[BlackElo "2724"]
[EventDate "2002.06.01"]

1. e4 c6 2. d4 d5 3. e5 Bf5 4. Nc3 e6 5. g4 Bg6 6. Nge2 c5 7. h4 h5 8. Nf4
Bh7 9. Nxh5 Nc6 10. dxc5 Bxc5 11. Bg2 Nd4 12. Bg5 f6 13. Nxg7+ Kf7 14. exf6
Qd6 15. Nh5 Nxc2+ 16. Kf1 Nxa1 17. Qxa1 d4 18. Ne4 Bxe4 19. Bxe4 d3 20. Qd1
Rd8 21. Kg2 d2 22. Qc2 Nh6 23. Bh7 Nf5 24. gxf5 Qd5+ 25. f3 e5 26. Bg6+ Kf8
27. Ng7 1-0